Liedtext - Satellit - Tream - Statistiken

Allgemein
  • Dieses Quiz wurde 10 mal gespielt
  • Das Durchschnittsergebnis liegt bei 128 aus 243
Antwortstatistiken
Antwort % Korrekt
das
100%
Das
100%
die
100%
Die
100%
alkoholisiert
80%
am
80%
Bayern
80%
Bullen
80%
ham
80%
Hundertzwanzig
80%
Ich
80%
ich
80%
im
80%
in
80%
In
80%
Irgendwo
80%
ist
80%
Nachbarn
80%
randaliert
80%
Satellit
80%
Satellit,
80%
Schreien,
80%
sind
80%
und
80%
Und
80%
uns
80%
Visier
80%
Weizen,
80%
Wir
80%
wir
80%
wurde
80%
3er,
60%
alarmiert
60%
alles
60%
Auto
60%
Beweise,
60%
denn
60%
der
60%
Drei,
60%
ein
60%
fahr
60%
go
60%
immer
60%
kommen
60%
können
60%
Let´s
60%
meinen
60%
Mond
60%
sehen
60%
sie
60%
Sterne
60%
Verdächtige
60%
voller
60%
wie
60%
Zwischen
60%
ab,
40%
aber
40%
an
40%
ballern
40%
crashen
40%
deine
40%
deines
40%
doch
40%
Eiern?
40%
einer
40%
erlebt
40%
Feier
40%
Fetzerei
40%
fühlt
40%
haben
40%
hat
40%
Helle
40%
high,
40%
higher
40%
Kneipe
40%
Körper
40%
Leben
40%
Lebens
40%
Liebe
40%
nicht
40%
nie,
40%
noch
40%
nur
40%
Oberpfalz
40%
Paradies,
40%
Paradies
40%
Parasit
40%
Peace,
40%
Rest
40%
Sag,
40%
sich
40%
so
40%
trotzdem
40%
vor
40%
Weiber
40%
weiter
40%
werden
40%
wieso
40%
will
40%
Zerfetzt
40%
Alkoholiker?
20%
auf
20%
breiten
20%
denken
20%
diese
20%
eh
20%
ella
20%
eure
20%
gesoffen,
20%
Kommissar
20%
mich
20%
pass
20%
Presse
20%
sagt
20%
System
20%
Töchter
20%
Treff
20%
über
20%
viel
20%
Vier
20%
vierhundert
20%
Was
20%
Wirtshaus
20%
wohl
20%
zu
20%
zur
20%
asozial
0%
dann
0%
Frag
0%
Freundin,
0%
jetzt
0%
kennen
0%
machen
0%
rennen
0%
Rollen
0%
schau,
0%
sollte
0%
sollten
0%
tja
0%
verstehen
0%
Weiße
0%
Welle
0%
Weste,
0%
wollen
0%
Ziehen
0%
Keine übereinstimmenden Quizze gefunden
Verteilung der Resultate
Anzahl Personen mit jedem Resultat
Perzentil nach korrekt beantworteten Fragen
Ihre Resultats-Entwicklung
Sie haben dieses Quiz noch nicht gespielt